[Event "North Island-ch"]
[Site "Auckland"]
[Date "2022.07.17"]
[Round "9"]
[White "Zhao, Nicole Xiaoyin"]
[Black "Liang, Qixuan"]
[Result "1/2-1/2"]
[WhiteElo "1202"]
[BlackElo "1453"]
[PlyCount "77"]
[EventDate "2022.07.14"]
[EventType "swiss"]
[EventRounds "9"]
[EventCountry "NZL"]
[SourceTitle "EXT 2024"]
[Source "ChessBase"]
[SourceDate "2023.10.10"]
[SourceVersion "1"]
[SourceVersionDate "2023.10.10"]
[SourceQuality "1"]

1. e4 c5 2. Nf3 d6 3. Bc4 Nf6 4. Nc3 g6 5. d3 Bg7 6. Bg5 0-0 7. 0-0 h6 8. Be3 Nc6 9. Nh4 Ne5 10. Bb3 g5 11. Nf5 Bxf5 12. exf5 Rc8 13. Ne4 Qd7 14. Nxf6+ Bxf6 15. Qh5 Qxf5 16. Qxh6 Ng4 17. Qh5 Kg7 18. h3 Ne5 19. Qe2 Rh8 20. f4 gxf4 21. Bxf4 e6 22. Bh6+ Rxh6 23. Rxf5 exf5 24. Rf1 Rg6 25. Rf2 f4 26. Rxf4 Rh8 27. Rf5 Rg8 28. Bd5 Kf8 29. Bxb7 Nd7 30. Bc6 R8g7 31. Kh1 Bd4 32. Be4 Ne5 33. Rxe5 Bxb2 34. Bxg6 Bxe5 35. c4 Rxg6 36. g4 Rf6 37. Kg2 Bd4 38. Qf3 Re6 39. Qa8+ 1/2-1/2

[Event "North Island-ch"]
[Site "Auckland"]
[Date "2022.07.16"]
[Round "7"]
[White "Liang, Qixuan"]
[Black "Zhao, Oliver"]
[Result "1-0"]
[WhiteElo "1453"]
[BlackElo "1216"]
[PlyCount "59"]
[EventDate "2022.07.14"]
[EventType "swiss"]
[EventRounds "9"]
[EventCountry "NZL"]
[SourceTitle "EXT 2024"]
[Source "ChessBase"]
[SourceDate "2023.10.10"]
[SourceVersion "1"]
[SourceVersionDate "2023.10.10"]
[SourceQuality "1"]

1. c4 c5 2. Nc3 d6 3. g3 Nc6 4. Bg2 Bd7 5. e4 e6 6. Nge2 Nf6 7. 0-0 Be7 8. d3 a6 9. f4 Qc7 10. h3 0-0-0 11. a3 Rdg8 12. Rb1 h6 13. b4 cxb4 14. axb4 Qb6+ 15. c5 dxc5 16. bxc5 Bxc5+ 17. Kh2 Qc7 18. d4 Bb4 19. Be3 Be7 20. e5 Ne8 21. d5 exd5 22. Nxd5 Qd8 23. Qb3 Na5 24. Rfc1+ Kb8 25. Qd3 Bb5 26. Qd4 Nc6 27. Rxc6 Bxc6 28. Qa7+ Kc8 29. Nxe7+ Qxe7 30. Bxc6 1-0

[Event "North Island-ch"]
[Site "Auckland"]
[Date "2022.07.15"]
[Round "4"]
[White "Vital, Henry"]
[Black "Liang, Qixuan"]
[Result "0-1"]
[WhiteElo "1929"]
[BlackElo "1453"]
[PlyCount "114"]
[EventDate "2022.07.14"]
[EventType "swiss"]
[EventRounds "9"]
[EventCountry "NZL"]
[SourceTitle "EXT 2024"]
[Source "ChessBase"]
[SourceDate "2023.10.10"]
[SourceVersion "1"]
[SourceVersionDate "2023.10.10"]
[SourceQuality "1"]

1. d4 c5 2. e3 e6 3. Nf3 Nf6 4. Be2 Nc6 5. 0-0 b6 6. c4 Bb7 7. Nc3 d5 8. cxd5 Nxd5 9. Bb5 Bd6 10. dxc5 bxc5 11. Ne4 Be7 12. Qa4 0-0 13. Rd1 Qc7 14. Ng3 a6 15. Bd3 Ncb4 16. a3 Nxd3 17. Rxd3 Bc6 18. Qc2 Rab8 19. b3 Bb5 20. Rd1 Bf6 21. Bb2 Rbd8 22. Bxf6 Nxf6 23. h3 Rd5 24. e4 Rd7 25. Rxd7 Nxd7 26. Rd1 Ne5 27. Nxe5 Qxe5 28. Qd2 h6 29. Qa5 Qb2 30. Rd8 Rxd8 31. Qxd8+ Kh7 32. a4 Qb1+ 33. Kh2 Bc6 34. Qd6 Bxe4 35. Qxc5 Bd3 36. b4 Qc2 37. Qd4 Qc4 38. Qxc4 Bxc4 39. Ne4 Kg6 40. b5 axb5 41. axb5 Bxb5 42. Kg3 Bc6 43. Nd6 Kf6 44. f4 g5 45. fxg5+ hxg5 46. Nc4 Bd5 47. Ne3 Kg6 48. Kf2 f5 49. g3 Kf6 50. g4 f4 51. Nc2 e5 52. Nb4 Bb7 53. Nd3 e4 54. Nc5 Bd5 55. Na4 e3+ 56. Kf1 f3 57. Nb2 Bc6 0-1